Guide to rebuilding costs of flats 2008 (Record no. 108102)

MARC details
000 -LEADER
fixed length control field 01050cam a22002415a 4500
001 - CONTROL NUMBER
control field L143211
008 - FIXED-LENGTH DATA ELEMENTS--GENERAL INFORMATION
fixed length control field 060405s2008 xxk 000 0 eng u
020 ## - INTERNATIONAL STANDARD BOOK NUMBER
International Standard Book Number 9781904829768
035 ## - SYSTEM CONTROL NUMBER
System control number (Sirsi) u143211
041 0# - LANGUAGE CODE
Language code of text/sound track or separate title eng
050 04 - LIBRARY OF CONGRESS CALL NUMBER
Classification number 690.23 $2 18
110 2# - MAIN ENTRY--CORPORATE NAME
Corporate name or jurisdiction name as entry element Building Cost Information Service
9 (RLIN) 1096
245 00 - TITLE STATEMENT
Title Guide to rebuilding costs of flats 2008
250 ## - EDITION STATEMENT
Edition statement 9th (revised) ed.
260 ## - PUBLICATION, DISTRIBUTION, ETC.
Place of publication, distribution, etc. London
Name of publisher, distributor, etc. RICS
Date of publication, distribution, etc. 2008
300 ## - PHYSICAL DESCRIPTION
Extent 64p
Dimensions 30cm.
520 ## - SUMMARY, ETC.
Summary, etc. Annual publication giving details of rebuilding costs for flats for reinstatement cost assessment. The rebuilding cost tables cover four regional groups and show the costs for low and medium-rise modern flats and conversions from two and three-storey houses. Also includes details of factors affecting the cost of blocks of flats, guidance on preparing a reinstatement cost assessment, specification and accommodation notes and elemental cost tables.
590 ## - LOCAL NOTE (RLIN)
Local note KA
651 #4 - SUBJECT ADDED ENTRY--GEOGRAPHIC NAME
Geographic name United Kingdom
Chronological subdivision
690 ## - LOCAL SUBJECT ADDED ENTRY--TOPICAL TERM (OCLC, RLIN)
Topical term or geographic name as entry element BUILT ENVIRONMENT-BUILDING COSTS
942 ## - ADDED ENTRY ELEMENTS (KOHA)
Suppress in OPAC 0
Holdings
Withdrawn status Lost status Source of classification or shelving scheme Damaged status Not for loan Home library Current library Shelving location Date acquired Total Checkouts Full call number Barcode Date last seen Copy number Price effective from Koha item type Date last checked out
    Dewey Decimal Classification     London London RICS Boxes 16/04/2008   RICS 2008/8 30072576 06/08/2019 1 06/08/2019 Archive  
    Dewey Decimal Classification     London London RICS Boxes 16/04/2008   RICS 2008/8 30072575 06/08/2019 1 06/08/2019 Reference material  
    Dewey Decimal Classification     London London RICS Boxes 16/04/2008 11 RICS 2008/8 30072574 06/08/2019 2 06/08/2019 Book 27/01/2010